Selena Gomez - Filmographie - Statistiques

Statistiques générales
  • Ce quiz a été pris 31 fois
  • Le résultat moyen est 8 sur 56
Statistiques - réponses
Hint Réponse % Correct
Série télévisé 2007-2012 Les Sorciers de Waverly Place
73%
Film 2011 Bienvenue à Monte-Carlo
54%
Production 2017-2020 13 Reasons Why
50%
Série télévisé Depuis 2021 Only Murders in the Building
50%
Production Depuis 2021 Only Murders in the Building
50%
Film 2024 Emilia Perez
42%
Téléfilm 2009 Princess Protection Program
38%
Série télévisé 2007-2008 Hannah Montana
35%
Film 2012 Spring Breakers
35%
Série télévisé 2002-2004 Barney
31%
Film 2008 Comme Cendrillon 2
31%
Animation 2012 Hôtel Transylvanie
27%
Animation 2015 Hôtel Transylvanie 2
27%
Animation 2018 Hôtel Transylvanie 3 : Des vacances monstrueuses
27%
Animation 2022 Hôtel Transylvanie : Changements monstres
27%
Téléfilm 2009 Les Sorciers de Waverly Place, le film
23%
Animation 2008 Horton
15%
Film 2013 Getaway
12%
Série télévisé 2009 La Vie de croisière de Zack et Cody
12%
Film 2022 My Mind And Me
12%
Série télévisé 2009 Sonny
12%
Film 2019 The Dead Don't Die
12%
Film 2019 Un jour de pluie à New York
12%
Film 2014 Mauvaises Fréquentations
8%
Film 2016 Nos pires voisins 2
8%
Film 2010 Ramona et Beezus
8%
Film 2014 Rudderless
8%
Série télévisé Depuis 2020 Selena + Chef
8%
Production Depuis 2020 Selena + Chef
8%
Film 2012 Aftershock
4%
Animation 2010 Arthur 3 : La Guerre des deux mondes
4%
Animation 2009 Arthur et la Vengeance de Maltazard
4%
Animation 2017 Puppy!
4%
Film 2016 The Fundamentals of Caring
4%
Film 2003 Barney: Best Manners - Invitation to Fun
0%
Série télévisé 2011 Blagues de stars
0%
Court-métrage 2012 Fifty Shades of Blue
0%
Film 2013 Girl Rising
0%
Série télévisé 2016 Inside Amy Schumer
0%
Série télévisé 2008 Jonas Brothers: Living the Dream
0%
Série télévisé 2006 La Vie de palace de Zack et Cody
0%
Téléfilm 2013 Le Retour des Sorciers: Alex contre Alex
0%
Production 2013 Le Retour des Sorciers: Alex contre Alex
0%
Film 2017 Les Insoumis
0%
Film 2011 Les Muppets, le retour
0%
Film 2020 Le Voyage du Docteur Dolittle
0%
Production 2019 Living Undocumented
0%
Court-métrage 2013 Searching
0%
Série télévisé 2011 Sketches à gogo !
0%
Film 2003 Spy Kids 3 : Mission 3D
0%
Film 2015 The Big Short : Le Casse du siècle
0%
Production 2020 The Broken Hearts Gallery
0%
Production 2020 This Is the Year
0%
Film 2015 Unity
0%
Téléfilm 2005 Walker, Texas Ranger : La Machination
0%
Téléfilm 2007 What's Stevie Thinking?
0%
Aucun quiz correspondant
Distribution des résultats
% des personnes avec chaque résultat
Percentile par nombre de réponses
Votre historique - résultats
Vous n’avez pas pris ce quiz